|
|
|
|
| LEADER |
01407nam a2200373 a 4500 |
| 001 |
000448414 |
| 003 |
CZ BrMZK |
| 005 |
20210104182010.0 |
| 007 |
ta |
| 008 |
990907s1999 xr e f 0 cze d |
| 015 |
|
|
|a cnb000771939
|
| 020 |
|
|
|a 80-86144-29-1
|
| 035 |
|
|
|a (OCoLC)84982548
|
| 040 |
|
|
|a BOA001
|b cze
|
| 072 |
|
7 |
|a 59
|x Zoologie
|2 Konspekt
|9 2
|
| 080 |
|
|
|a 598.192
|2 MRF
|
| 080 |
|
|
|a 592/599.07
|2 MRF
|
| 080 |
|
|
|a (0.062)
|2 MRF
|
| 080 |
|
|
|a (084.11)
|2 MRF
|
| 100 |
1 |
|
|a Norman, David,
|d 1952-
|7 mzk2003200602
|4 aut
|
| 245 |
1 |
0 |
|a Dinosauři :
|b [nahlédněmem do podivuhodného světa dinosaurů, na jejich vývoj, chování, způsob života a příčiny jejich nepochopitelného zániku] /
|c David Norman a Angela Milnerová.
|
| 260 |
|
|
|a Praha :
|b Fortuna Print,
|c 1999
|
| 300 |
|
|
|a 64 s. :
|b barev. il. ;
|c 30 cm
|
| 490 |
1 |
|
|a Vidět - poznat - vědět
|
| 650 |
0 |
7 |
|a dinosauři
|7 ph114326
|2 czenas
|
| 650 |
0 |
7 |
|a vyhynulí živočichové
|7 ph127269
|2 czenas
|
| 655 |
|
7 |
|a populárně-naučné publikace
|7 fd131864
|2 czenas
|
| 655 |
|
7 |
|a obrazové publikace
|7 fd132947
|2 czenas
|
| 700 |
1 |
|
|a Milner, Angela C.,
|d 1947-2021
|7 xx0004511
|4 aut
|
| 765 |
0 |
|
|t Eyewitness guides. Dinosaur
|
| 830 |
|
0 |
|a Vidět - poznat - vědět (Fortuna Print)
|0 s
|
| 910 |
|
|
|a BOA001
|b 4-1065.512
|
| 990 |
|
|
|a BK
|
| 996 |
6 |
|
|b 2610104460
|c 4-1065.512
|l MZK
|r Sklad / do 1 hodiny
|n 2
|p p.v.
|w 000448414
|u 000010
|a 1
|e BOA001
|j MZK50
|s P
|